书目信息 |
| 题名: |
病毒性肝炎药膳治疗
|
|
| 作者: | 马莉 , 刘晓丽 , 金迪 主编 | |
| 分册: | ||
| 出版信息: | 北京 人民军医出版社 2007.05 |
|
| 页数: | 187页 | |
| 开本: | 23cm | |
| 丛书名: | 常见疾病药膳治疗丛书 | |
| 单 册: | ||
| 中图分类: | R247.1 | |
| 科图分类: | ||
| 主题词: | 病毒性肝炎--bing du xing gan yan--食物疗法 | |
| 电子资源: | ||
| ISBN: | 978-7-5091-0831-4 | |
| 000 | 01093nam 2200277 450 | |
| 001 | 012008720140 | |
| 005 | 20080508090642.15 | |
| 010 | @a978-7-5091-0831-4@dCNY27.00 | |
| 100 | @a20080508d2007 em y0chiy0120 ea | |
| 101 | 0 | @achi |
| 102 | @aCN@b110000 | |
| 105 | @aa z 000yy | |
| 106 | @ar | |
| 200 | 1 | @a病毒性肝炎药膳治疗@Abing du xing gan yan yao shan zhi liao@f马莉, 刘晓丽, 金迪主编@Fma li,liu xiao li,jin di zhu bian |
| 210 | @a北京@c人民军医出版社@d2007.05 | |
| 215 | @a187页@c图@d23cm | |
| 225 | 2 | @a常见疾病药膳治疗丛书@Achang jian ji bing yao shan zhi liao cong shu |
| 330 | @a本书从预防和治疗病毒性肝炎的角度,介绍了肝炎的病因、临床表现、诊断及中西医结合治疗方法,重点评析了治疗肝炎的食物及中药的功效,并按中医药功效分类,列举200多种药膳治疗的组方、制作方法及作用。 | |
| 410 | 0 | @12001 @a常见疾病药膳治疗丛书 |
| 606 | 0 | @a病毒性肝炎@Abing du xing gan yan@j食物疗法 |
| 690 | @aR247.1@v4 | |
| 701 | 0 | @a马莉@Ama li@4主编 |
| 701 | 0 | @a刘晓丽@Aliu xiao li@4主编 |
| 701 | 0 | @a金迪@Ajin di@4主编 |
| 801 | 0 | @aCN@bQSSK@c20080508 |
| 905 | @b707379-80@dR247.1@eM094@f2 | |
| 病毒性肝炎药膳治疗/马莉, 刘晓丽, 金迪主编.-北京:人民军医出版社,2007.05 |
| 187页:图;23cm.-(常见疾病药膳治疗丛书) |
| ISBN 978-7-5091-0831-4:CNY27.00 |
| 本书从预防和治疗病毒性肝炎的角度,介绍了肝炎的病因、临床表现、诊断及中西医结合治疗方法,重点评析了治疗肝炎的食物及中药的功效,并按中医药功效分类,列举200多种药膳治疗的组方、制作方法及作用。 |
| ● |
| 相关链接 |
|
|
|
正题名:病毒性肝炎药膳治疗
索取号:R247.1/M094
 
预约/预借
| 序号 | 登录号 | 条形码 | 馆藏地/架位号 | 状态 | 备注 |
| 1 | 707379 | 207073799 | 自科库401/401自科库 11排1列2层/ [索取号:R247.1/M094] | 在馆 | |
| 2 | 707380 | 207073806 | 自科库401/401自科库 11排1列2层/ [索取号:R247.1/M094] | 在馆 |